| 000 | 00692nam a2200241 i 4500 | ||
|---|---|---|---|
| 001 | bg | ||
| 100 | 1 | _aSZYDŁOWSKI, Henryk | |
| 245 | 1 | 0 |
_aPracownia fizyczna / _cHenryk Szydłowski. |
| 250 | _aWyd. 5. | ||
| 260 |
_aWarszawa : _bPańst. Wydaw. Naukowe, _c1980. |
||
| 300 |
_a632, [1] s. : _brys., wykr. ; _c24 cm. |
||
| 504 | _aIndeks. | ||
| 650 | 9 | _aFizyka | |
| 655 | _aPodręczniki akademickie | ||
| 020 | _a8301024879 | ||
| 040 | _cBPK | ||
| 041 | 0 | _apl | |
| 080 | _a53(075.8) | ||
| 920 | _a83-01-02487-9 | ||
| 942 | _cKS | ||
| 008 | s pl f |000 0 pol | ||
| 856 |
_uhttp://koha.tu.koszalin.pl/cgi-bin/koha/opac-detail.pl?biblionumber=37491 _yKatalog online BPK |
||
| 999 |
_c37491 _d37491 |
||